000 00703nam a2200253Ia 4500
003 OSt
005 20220926032314.0
006 a|||||r|||| 00| 0
007 ta
008 220923b |||||||| |||| 00| 0 eng d
020 _a1841404799
_cRs.2588
037 _cGeneral Book
040 _aRTL
_cRTL
_beng
041 _2eng
_aeng
082 _aX:8J, P4
100 _aChitty David
_9337235
245 0 _aAuditing and reporting, 2004-05
260 _aSurrey
_bWolters Kluwer
_c2004
300 _axi;2192p
_ccm.
650 _aAudit
700 _a Vellacott Chantrey Ed.
_9337236
942 _hX:8J, P4
_cGB
_2CC
999 _c654361
_d654361